000 00913nmm a2200289 a 4500
001 ocm0001683002
003 TR-IsHL
005 20201028165334.0
008 180101s2017 tu tur
007 cr cn
020 _a9786059937078
035 _a1683002
_b(N$T)
050 0 4 _aPL230
_b.İ54 2017
090 0 4 _aPL230
_b.İ54 2017
100 1 _aİlgün, Feride
245 1 0 _aSihirli yolculuk
_h[electronic resource] /
_cFeride İlgün ; editör Fatma Yılmaz
250 _a8. bs.
260 _aİstanbul :
_bFerfir Yayınları,
_c2017
300 _a177 p.
650 4 _aDil ve Edebiyat
650 4 _aLanguage and Literature
650 0 _aÇocuk edebiyatı, Türk
650 0 _aChildren literature, Turkish
650 7 _aJUVENILE FICTION / General
_2bisacsh
700 1 _aYIlmaz, Fatma
856 4 0 _uhttp://search.ebscohost.com/login.aspx?direct=true&scope=site&db=e011xww&AN=1683002
999 _c15845
_d15845